000 00518nmm a2200157Ia 4500
008 251105s9999||||xx |||||||||||||||||und||
020 _a9789562848770
041 _aspa
100 _aCaro, Isaac
245 0 _aConexiones latinoamericanas de islamismo radical. De Al Qaeda a la Triple Frontera
264 _a[Santiago de Chile, Chile] :
_bRil editores,
_c2012
300 _a312 páginas
650 _aHistory of the Americas: Latin America
856 _uhttps://public.digitaliapublishing.com/a/19170
942 _cCF
999 _c94566
_d94566